000 00888pam a2200289 a 4500
001 563189
003 OSt
005 20230627115051.0
008 890505s1989 dcua b i000 0 eng
010 _a 89009148
020 _a0821312464
040 _aDLC
_cDLC
_dDLC
043 _ad------
082 0 0 _a336.3
_bHUS
245 0 0 _aDealing with the debt crisis /
_cedited by Ishrat Husain, Ishac Diwan.
260 _aWashington, D.C. :
_bWorld Bank,
_cc1989.
300 _axiv, 308 p. :
_bill. ;
_c28 cm.
440 2 _aA World bank symposium
504 _aIncludes bibliographical references.
650 0 _aDebts, External
_zDeveloping countries.
650 0 _aDebt relief
_zDeveloping countries.
700 1 _aHusain, Ishrat,
_d1941-
700 1 _aDiwan, Ishac.
906 _a7
_bcbc
_corignew
_d1
_eocip
_f19
_gy-gencatlg
942 _2ddc
_cBK
999 _c2857
_d2857